000 00677nam a2200289Ia 4500
005 20260324125624.0
008 008 260324s9999 xx 000 0 eng d
020 _a9781315595375
037 _aEBOOK
040 _aCRL
040 _beng
040 _cCRL
041 _2eng
041 _aeng
084 _qCRL
100 _aAnne-Christine Hornborg
_91178676
245 0 _aMi'kmaq Landscapes
245 0 _bFrom Animism to Sacred Ecology
260 _bTaylor and Francis
260 _c2008
365 _a
365 _b240
856 _uhttp://www.taylorfrancis.com/books/9781315595375
942 _cEBOOK
999 _c1774122
_d1774122